书目信息 |
| 题名: |
锋利的jQuery
|
|
| 作者: | 单东林 , 张晓菲 , 魏然 编著 | |
| 分册: | ||
| 出版信息: | 北京 人民邮电出版社 2009.06 |
|
| 页数: | 347页 | |
| 开本: | 23cm | |
| 丛书名: | 前端开发系列 | |
| 单 册: | ||
| 中图分类: | TP312JA | |
| 科图分类: | ||
| 主题词: | JAVA语言--JAVA Yu Yan--程序设计 | |
| 电子资源: | ||
| ISBN: | 978-7-115-20701-2 | |
| 000 | 01024nam 2200265 450 | |
| 001 | 0011187938 | |
| 005 | 20100607100552.82 | |
| 010 | @a978-7-115-20701-2@dCNY39.00 | |
| 100 | @a20100515d2009 em y0chiy0110 ea | |
| 101 | 0 | @achi |
| 102 | @aCN@b110000 | |
| 105 | @aa z 000yy | |
| 200 | 1 | @a锋利的jQuery@Afeng li de jQuery@f单东林, 张晓菲, 魏然编著@Fdan dong lin,zhang xiao fei,wei ran bian zhu |
| 210 | @a北京@c人民邮电出版社@d2009.06 | |
| 215 | @a347页@c图@d23cm | |
| 225 | 2 | @a前端开发系列@AQian Duan Kai Fa Xi Lie |
| 330 | @a本书循序渐进地对jQuery的各种函数和方法调用进行了介绍,读者可以系统地掌握jQuery的DOM操作、事件监听和动画、表单操作、AJAX以及插件方面等知识点,并结合每个章节后面的案例演示进行练习,达到掌握核心知识点的目的。 | |
| 410 | 0 | @12001 @a前端开发系列 |
| 606 | 0 | @aJAVA语言@AJAVA Yu Yan@x程序设计 |
| 690 | @aTP312JA@v4 | |
| 701 | 0 | @a单东林@Adan dong lin@4编著 |
| 701 | 0 | @a张晓菲@Azhang xiao fei@4编著 |
| 701 | 0 | @a魏然@Awei ran@4编著 |
| 801 | 0 | @aCN@c20100515 |
| 905 | @dTP312JA@eD160@f3 | |
| 锋利的jQuery/单东林, 张晓菲, 魏然编著.-北京:人民邮电出版社,2009.06 |
| 347页:图;23cm.-(前端开发系列) |
| ISBN 978-7-115-20701-2:CNY39.00 |
| 本书循序渐进地对jQuery的各种函数和方法调用进行了介绍,读者可以系统地掌握jQuery的DOM操作、事件监听和动画、表单操作、AJAX以及插件方面等知识点,并结合每个章节后面的案例演示进行练习,达到掌握核心知识点的目的。 |
| ● |
| 相关链接 |
|
|
|
正题名:锋利的jQuery
索取号:TP312JA/D160
 
预约/预借
| 序号 | 登录号 | 条形码 | 馆藏地/架位号 | 状态 | 备注 |
| 1 | 985931 | 209859312 | 自科库301/301自科库 55排4列4层/ [索取号:TP312JA/D160] | 在馆 | |
| 2 | 985932 | 209859321 | 自科库301/301自科库 55排4列3层/ [索取号:TP312JA/D160] | 在馆 | |
| 3 | 985933 | 209859330 | 自科库301/301自科库 81排1列5层/ [索取号:TP312JA/D160] | 在馆 |